| 000 | 01587nam a2200265Ia 4500 | ||
|---|---|---|---|
| 999 |
_c53397 _d53397 |
||
| 001 | 20440 | ||
| 003 | GE_BSU | ||
| 005 | 20201128225510.0 | ||
| 008 | 181216s1980||||ge |||||||||||||| ||geo|| | ||
| 040 | _cGE_BSU | ||
| 041 | _ageo | ||
| 080 | _a811.353.1(072) ქ-27 | ||
| 245 |
_aქართული ენის გაკვეთილები მე-3 კლასში : _bმეთოდ. რეკომენდაციები მასწ. დასახმ. / _cვ. რამიშვილი, მ. ჩინჩალაძე, ტ. სულაბერიძე, ნ. მაღლაკელიძე ; ვ. რამიშვილის საერთო რედაქციით. ვ. რამიშვილის საერთო რედ. |
||
| 264 |
_aთბილისი : _bგანათლება, _c1987. |
||
| 300 |
_a220 გვ. ; _c20 სმ. |
||
| 541 | _h80 თ. | ||
| 653 | _aქართული ენა | ||
| 653 | _aქართული ენის გაკვეთილები მე-3 კლასში | ||
| 700 |
_aრამიშვილი, ვ. _eავტორი _96912 |
||
| 700 |
_a ჩინჩალაძე, მ. _eავტორი _99785 |
||
| 700 |
_aსულაბერიძე, ტ. _eავტორი _99557 |
||
| 700 |
_a მაღლაკელიძე, ნ. _eავტორი _99786 |
||
| 700 |
_aრამიშვილი, ვ. _eრედაქტორი _96912 |
||
| 942 |
_cBK _2udc |
||